Quizzes
Events
Quiz Creation
Community
Videos
Private Events
Remove Ads
Sign In
Join for FREE
Feedback
Dark Mode
Quiz Categories
Sports
Geography
Music
Movies
Television
Just For Fun
Miscellaneous
History
Literature
Language
Science
Gaming
Entertainment
Religion
Holiday
For Kids
Quiz Lab
Recent
Popular Today
Quiz Kudos Today
Editor Picks
Curator Picks
Quizzes by...
Day
Popularity
Type
Ratings
Length
Year
Community
Subscriptions
Recent Discussions
Orange Saloon
Badges
Playlists
Quests
Create
Leaderboards
Showdown
Live 5
Trivia Bingo
Activity
Puzzle Library
Sporcle Events
Private Events
Virtual Trivia
Globe League
Become a Host
Pub Owners
SporcleCon
Opinionation
Our Games
Videos
Blog
Mobile Apps
Partnerships
Remove Ads and Go Orange
Feedback
Language
Vocabulary
Begins and Ends
Definition
Spanish
French
German
Italian
Chinese
Latin
Translation
Japanese
Language
Vocabulary
Begins and Ends
Definition
Spanish
French
German
Italian
Chinese
Latin
Translation
Japanese
Random Quiz
Search Sporcle
×
Quiz Lab
Quiz Lab
Language
Numbers
Type in answers that appear in a list
Type in answers that appear in a list
Classic
Best Score? Go Orange.
Countries with Most Languages Spoken Stats
Can you name the Countries with Most Languages Spoken?
By
Golonguthur
4m
20 Questions
456 Plays
456 Plays
456 Plays
Comments
Comments
Give Quiz Kudos
Give Quiz Kudos
-
- Ratings
hide this ad
Replay
Link that replays current quiz
Next Quiz
Link to next quiz in quiz playlist
You Got
0%
They Got
Avg Score
63%
Avg Friend Score
Upgrade to see
Score Distribution
Jump to the score distribution portion of the page
Score
0/20
Timer
04:00
0
Plays Today
Rating
Country
% Correct
5.
United States
96.1%
9.
China
94.5%
4.
India
93.2%
17.
Russia
86.8%
11.
Brazil
85.7%
14.
Canada
83.6%
6.
Mexico
83.1%
8.
Australia
77%
2.
Indonesia
74.3%
10.
Democratic Republic of the Congo
63.6%
Rating
Country
% Correct
3.
Nigeria
63.4%
1.
Papua New Guinea
55.5%
13.
Malaysia
53.5%
15.
Sudan
53.3%
12.
Philippines
51.1%
16.
Chad
43%
18.
Tanzania
40.1%
7.
Cameroon
36.2%
19.
Nepal
24.1%
20.
Vanuatu
13.4%
Quiz Playlist
Details
Report
Send in Message
Add To Playlist
Classic:
Type in answers that appear in a list
Quiz Source
Last Updated: Feb 16, 2017
Quiz Scoreboard
CHALLENGE
Sign Up to Join the Scoreboard
Show All
Scores
Hide
Comments
May contain spoilers
Recently Published
Presidents Visiting Landmarks
by Hejman
History
7m
An Introduction to Baseball
by treessimontrees
Sports
5m
Movies - When Are They Set?
by FPL_Elf
Movies
5m
More to Explore
Quiz From the Vault
Featured Blog Post
Where Did the Easter Bunny Come From?
hide this ad
You Might Also Like...
Tags
Country Quiz
Numbers Quiz
Rating
spoken
Today's Top Quizzes in Language
Browse Language
hide this ad
Today's Top Quizzes in Numbers
Browse Numbers
Top Contributed Quizzes in Language
1
1-10 Letter F Words III
2
1-10 Letter G Words III
3
Order Up: Top 10 Most Native Spoken Languages
4
1-10 Letter H Words III
5
One Thing in Common: Italy
6
1-10 Letter I Words III
7
Weisst du, aus welchen Sprachen diese Wörter stammen?
8
1-10 Letter J Words III
9
Celtic Nations in their Language
10
1-10 Letter K Words III
Explore More
Trending Topics
Disney
Crossword
Anime
Kpop
Marvel
NBA
Harry Potter
WWE
Country
Soccer
The Office
Song
Puzzle
NFL
Pokémon
hide this ad
More By:
Golonguthur
Quiz
Plays
Rating
Category
Featured
Created
Rice Producing Countries
52,829
4.61
Geography
Dec 26, 2009
50 Largest Cities of Africa by Metro Area
7,625
4.46
Geography
Dec 25, 2009
50 Most Spoken Languages of India by Native Speaker
4,199
4.57
Language
Sep 6, 2014
Most populous countries in the year 1500
2,436
3.39
History
Jun 19, 2010
50 Most Widely Spoken Asian Languages
2,043
4.47
Language
Aug 22, 2010
Go to Creator's Profile
Score Distribution
Quiz Creator Spotlight
Golonguthur
Follow
Send a Message
Quizzes Created
-
Created Quiz Play Count
-
More By This Creator
Popular Quizzes Today
1
Find the US States - No Outlines Minefield
2
Find the Countries of Europe - No Outlines Minefield
3
The Countries of the World
4
Find the US States
5
Popular People in 1961
6
US States
7
Risky Map Clicking: Biggest States A-Z
8
Movies - When Are They Set?
More Language Quizzes
Double G (A-Z)
Published
Trending Quizzes
Risky Map Clicking: Least Populous States A-Z
1-10 Letter G Words
1-10 Letter F Words
Risky Map Clicking: Next State Alphabetically
Risky Map Clicking: Biggest States A-Z
Recently Updated
Leaping Animals
pecheneg
Reality TV Shows (A-Z)
bhenderson79
Rickey Henderson's Hall of Fame Teammates
pecheneg
Champions League XIs: Arsenal
pecheneg
Quick Pick: Celebrities in WWE's Hall of Fame
aduchscher
A-Z Keypad Blitz II
pecheneg
Multiple Oscar Actors
pecheneg
Mystery Phrase Blitz: Oscar 'Best Actors'
pecheneg
F. Scott Fitzgerald Novels
LTH
Pick 3 Villains
ddd62291
Trending Topics
Marvel
Harry Potter
NBA
Disney
Kpop
Anime
Crossword
Country
Pokémon
The Office
Soccer
NFL
Song
WWE
Puzzle
Your Account Isn't Verified!
In order to create a playlist on Sporcle, you need to verify the email address you used during registration. Go to your
Sporcle Settings
to finish the process.
Report this User
Report this user for behavior that violates our
Community Guidelines
.
Details:
Send Report
Go to the Sporcle.com Mobile Site →
Comments